Galleto 2; aprestamiento gráfico pre-numérico /
Guardado en:
| Autor Principal: | |
|---|---|
| Formato: | Libro |
| Publicado: |
Buenos Aires :
Plus Ultra,
1981
|
| Materias: | |
| Etiquetas: |
Agregar Etiqueta
Sin Etiquetas, Sea el primero en etiquetar este registro!
|
| LEADER | 00534nam a22001815a 4500 | ||
|---|---|---|---|
| 001 | CEM.cems005132 | ||
| 005 | 20060220000000.0 | ||
| 008 | 130507s1981##################000#0#####d | ||
| 003 | CEMS | ||
| 082 | 0 | 4 | |a 372.21 |
| 100 | 1 | |a Porfilio de Arias, Alba Ruth | |
| 245 | 1 | 0 | |a Galleto 2; aprestamiento gráfico pre-numérico / |
| 260 | |a Buenos Aires : |b Plus Ultra, |c 1981 | ||
| 300 | |a 182 p. | ||
| 653 | |a Educacion | ||
| 653 | |a Educacion preescolar | ||
| 653 | |a Numero-iniciacion | ||
| 859 | |a CEMS |b BIB. CEMS - 11 de abril |h 372.21 |i P825-1 |p 11161.82 |t Ej.1 | ||
